00278nam a2200121Ia 4500008004100000041000800041082001200049100001600061245002800077250000800105260003500113300000800148230511s1998 xx 000 0 und d aeng a345.067 aBansal B L  aMedical Jurisprudence  a1st aNagpurbNagpur Law Housec1998 a652